Loading...
Management gap in developing economy /
| Main Author: | |
|---|---|
| Format: | Printed Book |
| Language: | English |
| Published: |
Progressive Corporation,
1971.
|
| Subjects: |
| LEADER | 00466nam a2200133Ia 4500 | ||
|---|---|---|---|
| 008 | 150624b xxu||||| |||| 00| 0 eng d | ||
| 082 | |a 330.954 | ||
| 100 | |a Gosavi, M. S. | ||
| 245 | |a Management gap in developing economy / |c M. S. Gosavi | ||
| 260 | |b Progressive Corporation, |c 1971. | ||
| 650 | |x Indian economy. | ||
| 942 | |c BK | ||
| 999 | |c 7310 |d 7310 | ||
| 952 | |0 0 |1 0 |4 0 |6 330_954000000000000_GOS_M |7 0 |9 7309 |a UL |b UL |c ST2 |d 1998-08-28 |l 0 |o 330.954 GOS/M |p 11825 |r 2012-10-27 |w 2012-10-27 |y BK | ||